<?xml version="1.0" encoding="UTF-8"?><?xml-stylesheet type="text/xsl" href="static/style.xsl"?><OAI-PMH xmlns="http://www.openarchives.org/OAI/2.0/" xmlns:xsi="http://www.w3.org/2001/XMLSchema-instance" xsi:schemaLocation="http://www.openarchives.org/OAI/2.0/ http://www.openarchives.org/OAI/2.0/OAI-PMH.xsd"><responseDate>2026-06-03T22:30:27Z</responseDate><request verb="GetRecord" identifier="oai:riuma.uma.es:10630/32409" metadataPrefix="marc">https://riuma.uma.es/rest/oai/request</request><GetRecord><record><header><identifier>oai:riuma.uma.es:10630/32409</identifier><datestamp>2026-02-03T11:23:52Z</datestamp><setSpec>com_10630_2254</setSpec><setSpec>col_10630_37953</setSpec></header><metadata><record xmlns="http://www.loc.gov/MARC21/slim" xmlns:dcterms="http://purl.org/dc/terms/" xmlns:doc="http://www.lyncode.com/xoai" xmlns:xsi="http://www.w3.org/2001/XMLSchema-instance" xsi:schemaLocation="http://www.loc.gov/MARC21/slim http://www.loc.gov/standards/marcxml/schema/MARC21slim.xsd">
   <leader>00925njm 22002777a 4500</leader>
   <datafield ind2=" " ind1=" " tag="042">
      <subfield code="a">dc</subfield>
   </datafield>
   <datafield ind2=" " ind1=" " tag="720">
      <subfield code="a">Ortiz-Tallo-Alarcón, Margarita</subfield>
      <subfield code="e">author</subfield>
   </datafield>
   <datafield ind2=" " ind1=" " tag="720">
      <subfield code="a">Cardenal Hernáez, Violeta</subfield>
      <subfield code="e">author</subfield>
   </datafield>
   <datafield ind2=" " ind1=" " tag="720">
      <subfield code="a">Ferragut-Ortiz-Tallo, Marta</subfield>
      <subfield code="e">author</subfield>
   </datafield>
   <datafield ind2=" " ind1=" " tag="720">
      <subfield code="a">Santamaría, Pablo</subfield>
      <subfield code="e">author</subfield>
   </datafield>
   <datafield ind2=" " ind1=" " tag="260">
      <subfield code="c">2015</subfield>
   </datafield>
   <datafield ind2=" " ind1=" " tag="520">
      <subfield code="a">There is growing interest in the adaptation of psychological questionnaires in different countries, due to the need for cross-cultural research using the same tests adapted to diverse populations. This paper presents the standardization of the Personality Assessment Inventory (PAI; Morey, 1991, 2007) in Spain and Chile (both Spanish-speaking countries). The Spanish sample was made up of 940 people (461 men and 479 women), and the Chilean sample of 569 people (231 men and 338 women). Results revealed that the Chilean means were higher than those of the Spanish sample at confidence level 99.9%, although the associated effect sizes were generally small to moderate (partial etasquare between 0.008 and 0.187). Sex differences in the variables evaluated were commented on, and the importance of cross-cultural research and the influence of sex on personality and psychopathology variables were discussed.</subfield>
   </datafield>
   <datafield ind1="8" ind2=" " tag="024">
      <subfield code="a">Ortiz-Tallo, M., Cardenal, V., Ferragut, M., &amp; Santamaría, P. (2015). Spanish and Chilean standardizations of the PAI. The influence of sex. The Spanish Journal of Psychology, 34, 110 - 124. Cambridge, 2015. DOI: 10.1017/sjp.2015.57</subfield>
   </datafield>
   <datafield ind1="8" ind2=" " tag="024">
      <subfield code="a">https://hdl.handle.net/10630/32409</subfield>
   </datafield>
   <datafield ind1="8" ind2=" " tag="024">
      <subfield code="a">10.1017/sjp.2015.57</subfield>
   </datafield>
   <datafield tag="653" ind2=" " ind1=" ">
      <subfield code="a">Personalidad - Diferencias sexuales</subfield>
   </datafield>
   <datafield tag="653" ind2=" " ind1=" ">
      <subfield code="a">Tests de personalidad</subfield>
   </datafield>
   <datafield tag="653" ind2=" " ind1=" ">
      <subfield code="a">Psicología - Metodología</subfield>
   </datafield>
   <datafield ind2="0" ind1="0" tag="245">
      <subfield code="a">Spanish and Chilean Standardizations of the Personality Assessment Inventory: the Influence of Sex.</subfield>
   </datafield>
</record>
</metadata></record></GetRecord></OAI-PMH>